Aprendizagem e gestão do conhecimento : (Record no. 921)

MARC details
000 -LÍDER
Campo Fixo de Controle 01033nam a2200277 a 4500
001 - NÚMERO DE CONTROLE
Campo de Controle 921
003 - IDENTIFICAÇÃO DO NÚMERO DE CONTROLE
Campo de Controle BR-CuiBMT
005 - DATA E HORA DA ÚLTIMA ATUALIZAÇÃO
Campo de Controle 20231123004251.0
008 - DADOS FIXOS
Dados Fixos 231122s2008 spba 000 0 por d
020 ## - INTERNATIONAL STANDARD BOOK NUMBER
Nº do ISBN 9788575162637
040 ## - AGÊNCIA CATALOGADORA
Código da Agência Catalogadora BR-CuiBMT
Agência que transcreveu o registro BR-CuiBMT
080 ## - Nº DA CLASSIFICAÇÃO DECIMAL UNIVERSAL
Nº edição CDU 2007
Nº Class. CDU 658:001.101
090 ## - NÚMERO DE CHAMADA
Nº classificação 658:001.101
Cutter A654
245 00 - TÍTULO PRINCIPAL
Título principal Aprendizagem e gestão do conhecimento :
Subtítulo fundamentos teóricos e experiência práticas /
Indicação de responsabilidade Cândido Ferreira da Silva Filho, Gideon Carvalho de Benedito,organizadores ; [autores Antonio Carlos Diegues ... etal.].
260 ## - PUBLICAÇÃO, DISTRIBUIÇÃO, ETC.
Local de publicação São Paulo :
Editora Alínea,
Data 2008.
300 ## - DESCRIÇÃO FÍSICA
N. páginas ou volumes 160 p. :
Ilustrações il. ;
Dimensões 21 cm
500 ## - NOTAS GERAIS
Notas gerais Vários autores.
504 ## - NOTA DE BIBLIOGRAFIA, ETC.
Nota de bibliografia Inclui bibliografia.
650 ## - ASSUNTO TÓPICO
Cabeçalho tópico ou nome geográfico Gestão do conhecimento
650 ## - ASSUNTO TÓPICO
Cabeçalho tópico ou nome geográfico Administraçãode empresas
Subdivisão geral Gestão do conhecimento
650 ## - ASSUNTO TÓPICO
Cabeçalho tópico ou nome geográfico Aprendizagem organizacional
700 1# - ENTRADA SECUNDÁRIA -- NOME PESSOAL
Nome pessoal Silva Filho, Cândido Ferreira da
Cód. do termo explicativo org.
700 1# - ENTRADA SECUNDÁRIA -- NOME PESSOAL
Nome pessoal Benedito, Gideon Carvalho de
Cód. do termo explicativo org.
700 1# - ENTRADA SECUNDÁRIA -- NOME PESSOAL
Nome pessoal Diegues, Antonio Carlos
Termo de relação et al.
-- autores
942 ## - ELEMENTOS DE ENTRADA ADICIONAIS (KOHA)
Fonte de classificação ou esquema de arquivamento Classificação Decimal Universal
Tipo de item do Koha Livros
Holdings
Estado: removido Estado: perdido Fonte de classificação ou esquema de arquivamento Estado: danificado Indisponível para empréstimo Localização permanente Localização atual Data de aquisição Total Checkouts Número de Chamada completo Código de barras Date last seen Número do exemplar Preço efetivo a partir de Tipo de item (Koha)
    Classificação Decimal Universal     Biblioteca da Escola Superior de Contas do TCE/MT Biblioteca da Escola Superior de Contas do TCE/MT 23/11/2023   658:001.101 A654 BIBTCEMT23110916 23/11/2023 Ex. 1 23/11/2023 Livros

Powered by Koha